Loading...
| Science - Biology | 0 | 7 | 0 | 1 | 70 | 75 | 104.57 | 1 | 5 | 9.92 | 41.82 |
| Literature - European | 0 | 3 | 0 | 1 | 30 | 58 | 110.67 | 0 | 0 | 5.13 | 8.18 |
| Science - Chemistry | 0 | 3 | 0 | 1 | 30 | 77 | 104.67 | 0 | 2 | 3.18 | 10.91 |
| Literature - World | 0 | 3 | 0 | 0 | 30 | 120 | 130.00 | 0 | 1 | 1.40 | 11.82 |
| History - Other | 0 | 3 | 0 | 0 | 30 | 83 | 98.33 | 0 | 2 | 6.76 | 16.36 |
| Religion | 0 | 3 | 1 | 0 | 25 | 79 | 89.33 | 1 | 2 | 9.60 | 16.36 |
| Mythology | 0 | 2 | 0 | 0 | 20 | 63 | 92.50 | 1 | 1 | 5.72 | 10.91 |
| History - World | 0 | 2 | 0 | 0 | 20 | 101 | 107.00 | 0 | 1 | 3.50 | 12.73 |
| Fine Arts - Painting and Sculpture | 0 | 2 | 0 | 0 | 20 | 115 | 123.00 | 0 | 1 | 1.93 | 9.09 |
| Philosophy | 0 | 2 | 0 | 0 | 20 | 127 | 128.50 | 0 | 0 | 0.54 | 5.45 |
| History - European | 0 | 2 | 1 | 0 | 15 | 54 | 71.50 | 0 | 1 | 8.35 | 11.82 |
| Social Science | 0 | 1 | 0 | 0 | 10 | 86 | 86.00 | 0 | 1 | 3.08 | 8.18 |
| Geography | 0 | 1 | 0 | 0 | 10 | 72 | 72.00 | 0 | 0 | 10.71 | 15.00 |
| History - American | 0 | 1 | 0 | 0 | 10 | 106 | 106.00 | 0 | 0 | 1.62 | 4.55 |
| Literature - American | 0 | 1 | 0 | 0 | 10 | 142 | 142.00 | 0 | 1 | -0.06 | 1.82 |
| Science - Other | 0 | 1 | 0 | 0 | 10 | 97 | 97.00 | 0 | 0 | 1.15 | 2.73 |
| Fine Arts - Other | 0 | 1 | 0 | 0 | 10 | 110 | 110.00 | 1 | 1 | 2.42 | 8.18 |